Позднесоветский рок - Statistics

General Stats
  • This quiz has been taken 85 times
  • The average score is 14 of 32
Answer Stats
Picture Answer % Correct
Кино
100%
Гражданская Оборона
86%
Сектор Газа
80%
ДДТ
76%
Алиса
72%
Ария
69%
Nautilus Pompilius
68%
Король и Шут
66%
Аквариум
65%
Агата Кристи
59%
Янка Дягилева
56%
Пикник
54%
Ногу Свело!
45%
Машина Времени
44%
Альянс
42%
Аукцыон
39%
Звуки Му
39%
Юрий Лоза
39%
Александр Башлачёв
38%
Крематорий
38%
Зоопарк
37%
Чайф
37%
Мумий-Тролль
31%
Ноль
31%
НАИВ
21%
Несчастный Случай
21%
Автоматические Удовлетворители
20%
ДК
15%
Чёрный Лукич
15%
Чёрный Обелиск
15%
Объект Насмешек
14%
Странные Игры
6%
No matching quizzes found
Score Distribution
Percent of People with Each Score
Percentile by Number Answered
Your Score History
You have not taken this quiz